| 000 | 00539nam a22001817a 4500 | ||
|---|---|---|---|
| 008 | 230324b |||||||| |||| 00| 0 eng d | ||
| 020 | _a0070435928 | ||
| 040 |
_aNational Science Library _cNational Science Library |
||
| 080 |
_aD 681.3.06 Java2 _bP1 |
||
| 100 | _aSchildt, Herbert | ||
| 245 |
_aJava 2: _bComplete reference |
||
| 250 | _a4th ed. | ||
| 260 |
_aNew Delhi: _bTata McGraw Hill Publishing Company Limited, _c2001 |
||
| 300 | _a1077p. | ||
| 650 | _aComputer science | ||
| 653 | _aProgramming language | ||
| 942 |
_2udc _cBK |
||
| 999 |
_c14006 _d14006 |
||